000 01039nas a2200289 4500
001 BR2021000635
003 BR-BrBNA
005 20231205132238.0
007 ta
008 230509b bl.|||p| |||| 00| 00por d
040 _aBR-BrBNA
_bpor
_cBiblioteca Nacional de Agricultura
041 _a(Pt)
072 _aN01; K70; U40
100 1 _aHoki, V. de S.P.
100 1 _aSanches, L.
100 1 _aCarmo Junior, G.N.R.
100 1 _aPinto Junior, O.B
245 1 _aAnálise dos focos de calor em diferentes faixas de áreas de influência da rodovia BR-242, Nova Ubiratã-MT
650 _aSISTEMA DE INFORMAÇÃO GEOGRÁFICA
650 _aINCÊNDIO FLORESTAL
650 _aESTRADA DE RODAGEM
650 _aSENSORIAMENTO REMOTO
773 0 _tNativa. Pesquisas Agrárias e Ambientais (Brazil)
_xISSN 2318-7670
_g(Mar-Apr 2021), v. 9(2) p. 129-134
_wBR2021000635
856 4 0 _uhttps://periodicoscientificos.ufmt.br/ojs/index.php/nativa/article/view/10794/8130
909 _a202311
_bLúcia
_c55
_dLúcia Elande
942 _2AGRIS
_n0
_cANA
999 _c259263
_d259263